Business finance : (Record no. 625)

MARC details
000 -LEADER
fixed length control field 01271cam a2200337 a 4500
001 - CONTROL NUMBER
control field 15488601
003 - CONTROL NUMBER IDENTIFIER
control field OSt
005 - DATE AND TIME OF LATEST TRANSACTION
control field 20150710123719.0
008 - FIXED-LENGTH DATA ELEMENTS--GENERAL INFORMATION
fixed length control field 081017s2009 enkae b 001 0 eng
010 ## - LIBRARY OF CONGRESS CONTROL NUMBER
LC control number 2008043421
020 ## - INTERNATIONAL STANDARD BOOK NUMBER
International Standard Book Number 9780273717683
020 ## - INTERNATIONAL STANDARD BOOK NUMBER
International Standard Book Number 0273717685
035 ## - SYSTEM CONTROL NUMBER
System control number (OCoLC)ocn263146773
040 ## - CATALOGING SOURCE
Original cataloging agency DLC
Transcribing agency DLC
Modifying agency BWKUK
-- BWK
-- CDX
-- NLGGC
-- YDXCP
-- BTCTA
-- DLC
050 00 - LIBRARY OF CONGRESS CALL NUMBER
Classification number HG4026
Item number .M388 2009
082 00 - DEWEY DECIMAL CLASSIFICATION NUMBER
Classification number 338.6041 MCL
Edition number 22
084 ## - OTHER CLASSIFICATION NUMBER
Classification number 85.30
Source of number bcl
100 1# - MAIN ENTRY--PERSONAL NAME
Personal name McLaney, E. J.
9 (RLIN) 1813
245 10 - TITLE STATEMENT
Title Business finance :
Remainder of title theory and practice /
Statement of responsibility, etc Eddie McLaney. _
250 ## - EDITION STATEMENT
Edition statement 8th ed. _
260 ## - PUBLICATION, DISTRIBUTION, ETC. (IMPRINT)
Place of publication, distribution, etc Harlow, England ;
-- New York :
Name of publisher, distributor, etc Prentice Hall/Financial Times,
Date of publication, distribution, etc 2009.
300 ## - PHYSICAL DESCRIPTION
Extent xvii, 518 p. :
Other physical details ill. (some col.), plans ;
Dimensions 27 cm.
504 ## - BIBLIOGRAPHY, ETC. NOTE
Bibliography, etc Includes bibliographical references (p. 506-511) and index.
650 #0 - SUBJECT ADDED ENTRY--TOPICAL TERM
Topical term or geographic name as entry element Business enterprises
General subdivision Finance.
9 (RLIN) 1814
650 #0 - SUBJECT ADDED ENTRY--TOPICAL TERM
Topical term or geographic name as entry element Business enterprises
General subdivision Finance
Form subdivision Problems, exercises, etc.
9 (RLIN) 1815
650 #0 - SUBJECT ADDED ENTRY--TOPICAL TERM
Topical term or geographic name as entry element Corporations
General subdivision Finance.
9 (RLIN) 1816
650 #0 - SUBJECT ADDED ENTRY--TOPICAL TERM
Topical term or geographic name as entry element Corporations
General subdivision Finance
Form subdivision Problems, exercises, etc.
9 (RLIN) 1817
906 ## - LOCAL DATA ELEMENT F, LDF (RLIN)
a 7
b cbc
c orignew
d 1
e ecip
f 20
g y-gencatlg
942 ## - ADDED ENTRY ELEMENTS (KOHA)
Source of classification or shelving scheme Dewey Decimal Classification
Koha item type Books
Holdings
Withdrawn status Lost status Source of classification or shelving scheme Damaged status Not for loan Home library Current library Shelving location Date acquired Total Checkouts Full call number Barcode Date last seen Price effective from Koha item type
    Dewey Decimal Classification     Law Development Centre Main Library Law Development Centre Main Library Text Books and Laws 04/26/2011   338.6041 MCL 09/73 04/26/2011 04/26/2011 Books